[Event "7. Arber-Senioren-Cup 2019"]
[Site "Bodenmais"]
[Date "2019.07.30"]
[Round "4.24"]
[White "Busch, Joerg"]
[Black "Auterhoff, Juergen"]
[Result "1-0"]
[WhiteElo "1851"]
[BlackElo "1673"]
[Annotator "NA"]
[PlyCount "121"]
[EventDate "2019.07.27"]
[EventType "swiss"]
[EventCountry "GER"]
[SourceTitle "playchess.com"]
[Source "ChessBase"]
[SourceQuality "1"]
[TimeControl "5400+30"]

1. d4 {[%emt 0:00:00]} Nf6 {[%emt 0:00:00]} 2. Bf4 {[%emt 0:00:00]} d5 {[%emt 0:00:00]} 3. e3 Bf5 {[%emt 0:00:00]} 4. Bd3 {[%emt 0:00:00]} Bxd3 {[%emt 0:00:00]} 5. Qxd3 {[%emt 0:00:00]} c6 {[%emt 0:00:00]} 6. Qb3 {[%emt 0:00:00]} Qb6 {[%emt 0:00:00]} 7. Qxb6 {[%emt 0:00:00]} axb6 {[%emt 0:00:00]} 8. Nd2 {[%emt 0:00:00]} e6 {[%emt 0:00:00]} 9. Ngf3 {[%emt 0:00:00]} Nbd7 {[%emt 0:00:00]} 10. O-O {[%emt 0:00:00]} Be7 {[%emt 0:00:00]} 11. h3 {[%emt 0:00:00]} O-O {[%emt 0:00:00]} 12. a3 {[%emt 0:00:00]} b5 {[%emt 0:00:00]} 13. c3 {[%emt 0:00:00]} Nb6 {[%emt 0:00:00]} 14. Rfe1 {[%emt 0:00:00]} Nc4 {[%emt 0:00:00]} 15. Rab1 {[%emt 0:00:00]} Nxd2 {[%emt 0:00:00]} 16. Nxd2 {[%emt 0:00:00]} h6 {[%emt 0:03:44]} 17. Re2 {[%emt 0:00:00]} Rfd8 {[%emt 0:03:18]} 18. f3 {[%emt 0:00:00]} Bd6 {[%emt 0:03:26]} 19. Bxd6 Rxd6 {[%emt 0:00:02]} 20. e4 {[%emt 0:00:00]} dxe4 {[%emt 0:00:25]} 21. fxe4 {[%emt 0:00:00]} Rd7 {[%emt 0:04:24]} 22. Rf1 {[%emt 0:00:00]} Rad8 {[%emt 0:04:48]} 23. Nf3 {[%emt 0:00:00]} Re7 {[%emt 0:02:25]} 24. g4 {[%emt 0:00:00]} Nh7 {[%emt 0:07:14]} 25. Kg2 {[%emt 0:02:55]} f6 {[%emt 0:08:52]} 26. e5 {[%emt 0:09:29]} Rf7 {[%emt 0:05:29]} 27. exf6 {[%emt 0:02:59]} Rxf6 {[%emt 0:00:15]} 28. Nd2 {[%emt 0:01:09]} Rxf1 {[%emt 0:01:24]} 29. Nxf1 {[%emt 0:01:06]} Kf7 {[%emt 0:02:01]} 30. Nd2 {[%emt 0:05:01]} Nf6 {[%emt 0:02:01]} 31. Nf3 {[%emt 0:03:02]} Nd5 {[%emt 0:01:53]} 32. Ne5+ {[%emt 0:02:12]} Ke7 {[%emt 0:00:38]} 33. Rf2 {[%emt 0:00:54]} Nf6 {[%emt 0:02:46]} 34. Nd3 {[%emt 0:02:33]} b6 {[%emt 0:04:59]} 35. Ne5 {[%emt 0:05:12]} Rd6 {[%emt 0:00:35]} 36. Re2 {[%emt 0:11:00]} Nd5 {[%emt 0:01:55]} 37. Kg3 {[%emt 0:02:46]} g5 {[%emt 0:02:55]} 38. Nd3 {[%emt 0:03:26]} Rd8 {[%emt 0:03:17]} 39. h4 {[%emt 0:05:05]} Rd6 {[%emt 0:01:34]} 40. hxg5 {[%emt 0:00:59]} hxg5 {[%emt 0:00:04]} 41. Rh2 {[%emt 0:00:59]} Nf6 {[%emt 0:01:08]} 42. Ne5 {[%emt 0:02:23]} c5 {[%emt 0:01:53]} 43. Nf3 {[%emt 0:01:14]} Ne4+ {[%emt 0:01:09]} 44. Kh3 {[%emt 0:01:53]} Kf6 {[%emt 0:00:53]} 45. Re2 {[%emt 0:00:42]} cxd4 {[%emt 0:02:23]} 46. cxd4 {[%emt 0:03:07]} Nc5 {[%emt 0:01:26]} 47. dxc5 {[%emt 0:00:38]} bxc5 {[%emt 0:00:02]} 48. Rd2 {[%emt 0:01:20]} Rxd2 {[%emt 0:00:16]} 49. Nxd2 {[%emt 0:00:01]} Ke5 {[%emt 0:00:49]} 50. Kg3 {[%emt 0:01:23]} Kd4 {[%emt 0:04:49]} 51. Nf3+ {[%emt 0:00:34]} Kd3 {[%emt 0:00:17]} 52. Nxg5 {[%emt 0:00:29]} Kc2 {[%emt 0:00:13]} 53. Nxe6 {[%emt 0:00:21]} c4 {[%emt 0:00:23]} 54. Nd4+ {[%emt 0:01:38]} Kxb2 {[%emt 0:00:12]} 55. Nxb5 {[%emt 0:00:12]} Kb3 {[%emt 0:00:39]} 56. g5 {[%emt 0:00:05]} Ka4 {[%emt 0:00:23]} 57. g6 {[%emt 0:00:08]} Kxb5 {[%emt 0:00:21]} 58. g7 {[%emt 0:00:08]} c3 {[%emt 0:00:23]} 59. g8=Q {[%emt 0:00:08]} Kc5 {[%emt 0:00:39]} 60. Qg5+ {[%emt 0:01:13]} Kd4 {[%emt 0:00:11]} 61. Qc1 1-0

[Event "7. Arber-Senioren-Cup 2019"]
[Site "Bodenmais"]
[Date "2019.07.30"]
[Round "4.25"]
[White "Pisz, Bretislav"]
[Black "Schmidt, Matthias"]
[Result "0-1"]
[WhiteElo "1599"]
[BlackElo "2020"]
[Annotator "NA"]
[PlyCount "110"]
[EventDate "2019.07.27"]
[EventType "swiss"]
[EventCountry "GER"]
[SourceTitle "playchess.com"]
[Source "ChessBase"]
[SourceQuality "1"]
[TimeControl "5400+30"]

1. c4 {[%emt 0:00:00]} Nf6 {[%emt 0:00:00]} 2. f4 {[%emt 0:00:00]} e6 {[%emt 0:00:00]} 3. Nf3 {[%emt 0:00:00]} d5 {[%emt 0:00:00]} 4. e3 {[%emt 0:00:00]} c5 {[%emt 0:00:00]} 5. b3 {[%emt 0:00:00]} Nc6 {[%emt 0:00:00]} 6. d3 {[%emt 0:00:00]} a6 {[%emt 0:00:00]} 7. a4 {[%emt 0:00:00]} Bd7 {[%emt 0:00:00]} 8. Ne5 {[%emt 0:00:00]} Qc7 {[%emt 0:00:00]} 9. Bb2 {[%emt 0:00:00]} d4 {[%emt 0:00:00]} 10. Nxd7 {[%emt 0:00:00]} Qxd7 {[%emt 0:00:00]} 11. e4 {[%emt 0:00:00]} e5 {[%emt 0:00:00]} 12. f5 {[%emt 0:00:00]} Bd6 {[%emt 0:00:00]} 13. Be2 {[%emt 0:00:00]} Bc7 {[%emt 0:00:00]} 14. O-O {[%emt 0:00:00]} O-O-O {[%emt 0:00:00]} 15. h3 {[%emt 0:00:00]} Qe7 {[%emt 0:00:00]} 16. g4 {[%emt 0:00:00]} h6 {[%emt 0:00:00]} 17. Na3 {[%emt 0:00:00]} Ba5 {[%emt 0:01:25]} 18. Nc2 {[%emt 0:00:00]} Nd7 {[%emt 0:03:16]} 19. Bc1 {[%emt 0:00:00]} Rdg8 {[%emt 0:07:20]} 20. Bd2 {[%emt 0:00:00]} Bxd2 {[%emt 0:02:48]} 21. Qxd2 {[%emt 0:00:00]} Qg5 {[%emt 0:02:25]} 22. Qxg5 {[%emt 0:00:26]} hxg5 {[%emt 0:00:03]} 23. Kg2 {[%emt 0:00:19]} Kc7 {[%emt 0:01:23]} 24. Ne1 {[%emt 0:04:16]} Nb4 {[%emt 0:00:59]} 25. Rc1 {[%emt 0:02:04]} f6 {[%emt 0:04:33]} 26. Nc2 {[%emt 0:08:17]} Na2 {[%emt 0:01:56]} 27. Ra1 {[%emt 0:03:47]} Nc3 {[%emt 0:01:09]} 28. Bf3 {[%emt 0:00:04]} Ra8 {[%emt 0:03:22]} 29. Na3 {[%emt 0:01:42]} Nb8 {[%emt 0:01:44]} 30. Nb1 {[%emt 0:01:34]} Nxb1 {[%emt 0:00:55]} 31. Raxb1 {[%emt 0:00:01]} Nc6 {[%emt 0:00:20]} 32. Kg3 {[%emt 0:01:30]} Nb4 {[%emt 0:00:23]} 33. Be2 {[%emt 0:03:18]} b5 {[%emt 0:05:50]} 34. cxb5 {[%emt 0:03:04]} axb5 {[%emt 0:00:09]} 35. Rfc1 {[%emt 0:01:17]} Kb6 {[%emt 0:00:24]} 36. Ra1 {[%emt 0:01:28]} bxa4 {[%emt 0:00:40]} 37. bxa4 {[%emt 0:02:38]} Ra5 {[%emt 0:00:58]} 38. Ra3 {[%emt 0:03:15]} Kc6 {[%emt 0:01:39]} 39. Bd1 {[%emt 0:02:20]} Rb8 {[%emt 0:00:25]} 40. h4 {[%emt 0:01:01]} Na6 {[%emt 0:00:31]} 41. hxg5 {[%emt 0:01:12]} fxg5 {[%emt 0:00:02]} 42. Bb3 {[%emt 0:01:25]} Rh8 {[%emt 0:01:17]} 43. Bd5+ {[%emt 0:01:42]} Kb6 {[%emt 0:02:36]} 44. Bc4 {[%emt 0:01:19]} Nb4 {[%emt 0:00:24]} 45. Raa1 {[%emt 0:01:03]} Raa8 {[%emt 0:03:17]} 46. Rh1 {[%emt 0:02:56]} Rxh1 {[%emt 0:10:58]} 47. Rxh1 {[%emt 0:00:19]} Rxa4 {[%emt 0:00:25]} 48. Rh7 {[%emt 0:01:40]} Ra7 {[%emt 0:00:23]} 49. Rh5 {[%emt 0:00:00]} Nxd3 {[%emt 0:03:53]} 50. Bxd3 {[%emt 0:00:13]} Ra3 {[%emt 0:01:14]} 51. Rxg5 {[%emt 0:00:05]} Rxd3+ {[%emt 0:00:11]} 52. Kf2 {[%emt 0:00:45]} c4 {[%emt 0:01:37]} 53. Rxg7 c3 54. Rh7 {[%emt 0:07:30]} c2 {[%emt 0:01:56]} 55. Rh1 {[%emt 0:02:53]} Rd1 {[%emt 0:00:17]} 0-1

[Event "7. Arber-Senioren-Cup 2019"]
[Site "Bodenmais"]
[Date "2019.07.30"]
[Round "4.26"]
[White "Riha, Peter"]
[Black "Oberhofer, Max"]
[Result "0-1"]
[WhiteElo "1720"]
[BlackElo "2187"]
[Annotator "NA"]
[PlyCount "74"]
[EventDate "2019.07.27"]
[EventType "swiss"]
[EventCountry "GER"]
[SourceTitle "playchess.com"]
[Source "ChessBase"]
[SourceQuality "1"]
[TimeControl "5400+30"]

1. d4 {[%emt 0:00:00]} Nf6 {[%emt 0:00:00]} 2. c4 {[%emt 0:00:00]} e6 {[%emt 0:00:00]} 3. Nf3 {[%emt 0:00:00]} b6 {[%emt 0:00:00]} 4. g3 {[%emt 0:00:00]} Bb7 {[%emt 0:00:00]} 5. Bg2 {[%emt 0:00:00]} d5 {[%emt 0:00:00]} 6. Ne5 {[%emt 0:00:00]} Be7 {[%emt 0:00:00]} 7. O-O {[%emt 0:00:00]} O-O {[%emt 0:00:00]} 8. Nc3 {[%emt 0:00:00]} c6 {[%emt 0:00:00]} 9. b3 {[%emt 0:00:00]} Na6 {[%emt 0:00:00]} 10. Bb2 {[%emt 0:00:00]} Rc8 {[%emt 0:00:00]} 11. cxd5 {[%emt 0:00:00]} exd5 {[%emt 0:00:00]} 12. e3 {[%emt 0:00:00]} Nc7 {[%emt 0:00:00]} 13. Ne2 {[%emt 0:00:00]} Ne6 {[%emt 0:00:00]} 14. Rc1 {[%emt 0:01:03]} h5 {[%emt 0:00:00]} 15. Rc2 {[%emt 0:07:16]} Bd6 {[%emt 0:00:00]} 16. Nc1 {[%emt 0:04:31]} h4 17. Ncd3 {[%emt 0:03:23]} Ne4 {[%emt 0:02:24]} 18. Qg4 {[%emt 0:08:55]} hxg3 {[%emt 0:05:02]} 19. hxg3 {[%emt 0:01:59]} Nf6 {[%emt 0:02:58]} 20. Qd1 {[%emt 0:03:27]} Rc7 {[%emt 0:06:28]} 21. Qc1 {[%emt 0:02:47]} Qa8 {[%emt 0:03:58]} 22. Qb1 {[%emt 0:06:01]} Re8 {[%emt 0:01:04]} 23. Rfc1 {[%emt 0:02:15]} Ree7 {[%emt 0:01:18]} 24. Qa1 Qe8 25. Qb1 {[%emt 0:10:17]} Ng5 {[%emt 0:03:41]} 26. Qa1 {[%emt 0:06:06]} Nfe4 {[%emt 0:00:41]} 27. Kf1 {[%emt 0:04:32]} f6 {[%emt 0:01:06]} 28. Nf3 {[%emt 0:00:13]} Ba6 {[%emt 0:02:27]} 29. Nfe1 {[%emt 0:05:28]} Nxg3+ {[%emt 0:06:36]} 30. Kg1 {[%emt 0:02:14]} Nf5 {[%emt 0:02:22]} 31. Rd2 {[%emt 0:03:27]} Ne4 {[%emt 0:00:46]} 32. Rdd1 {[%emt 0:01:33]} Nh4 {[%emt 0:00:55]} 33. Qb1 {[%emt 0:03:05]} Nxg2 {[%emt 0:04:33]} 34. Nxg2 {[%emt 0:00:31]} Qh5 {[%emt 0:01:02]} 35. Ndf4 {[%emt 0:02:45]} Bxf4 {[%emt 0:02:06]} 36. Nxf4 {[%emt 0:01:29]} Qg4+ {[%emt 0:00:14]} 37. Ng2 {[%emt 0:00:19]} Be2 {[%emt 0:00:15]} 0-1

[Event "7. Arber-Senioren-Cup 2019"]
[Site "Bodenmais"]
[Date "2019.07.30"]
[Round "4.27"]
[White "Gerl, Hans"]
[Black "Wacker, Manfred"]
[Result "0-1"]
[WhiteElo "1955"]
[BlackElo "1741"]
[Annotator "NA"]
[PlyCount "113"]
[EventDate "2019.07.27"]
[EventType "swiss"]
[EventCountry "GER"]
[SourceTitle "playchess.com"]
[Source "ChessBase"]
[SourceQuality "1"]
[TimeControl "5400+30"]

1. d4 {[%emt 0:00:00]} Nf6 {[%emt 0:00:00]} 2. c4 {[%emt 0:00:00]} e6 {[%emt 0:00:00]} 3. Nf3 {[%emt 0:00:00]} b6 {[%emt 0:00:00]} 4. a3 {[%emt 0:00:00]} Bb7 {[%emt 0:00:00]} 5. Nc3 {[%emt 0:00:00]} d5 {[%emt 0:00:00]} 6. cxd5 {[%emt 0:00:00]} exd5 {[%emt 0:00:00]} 7. Bg5 {[%emt 0:00:00]} Be7 {[%emt 0:00:00]} 8. e3 {[%emt 0:00:00]} Nbd7 {[%emt 0:00:00]} 9. Bd3 {[%emt 0:00:00]} O-O {[%emt 0:00:00]} 10. O-O {[%emt 0:00:00]} Ne4 {[%emt 0:00:00]} 11. Bxe7 {[%emt 0:00:00]} Qxe7 {[%emt 0:00:00]} 12. Rc1 {[%emt 0:00:00]} Nxc3 {[%emt 0:00:00]} 13. Rxc3 {[%emt 0:00:00]} c5 {[%emt 0:00:00]} 14. Qc2 {[%emt 0:00:00]} h6 {[%emt 0:00:00]} 15. Bb5 {[%emt 0:00:00]} c4 {[%emt 0:00:00]} 16. Bxd7 {[%emt 0:00:00]} Qxd7 {[%emt 0:00:00]} 17. Ne5 {[%emt 0:00:00]} Qe6 {[%emt 0:00:00]} 18. f4 {[%emt 0:00:00]} g6 {[%emt 0:03:47]} 19. Rf3 {[%emt 0:00:00]} Bc8 {[%emt 0:04:22]} 20. f5 {[%emt 0:04:39]} gxf5 {[%emt 0:01:23]} 21. Qe2 {[%emt 0:01:26]} Kh7 {[%emt 0:04:01]} 22. Rc1 {[%emt 0:01:13]} f6 {[%emt 0:03:33]} 23. Ng6 {[%emt 0:03:21]} Kxg6 {[%emt 0:06:30]} 24. Rh3 {[%emt 0:02:02]} Rh8 {[%emt 0:13:33]} 25. Qh5+ {[%emt 0:01:36]} Kg7 {[%emt 0:00:13]} 26. Rg3+ {[%emt 0:04:47]} Kf8 {[%emt 0:00:16]} 27. Rf1 {[%emt 0:02:32]} Qf7 {[%emt 0:03:52]} 28. Qh4 {[%emt 0:03:34]} Be6 {[%emt 0:02:02]} 29. Rgf3 {[%emt 0:02:39]} Ke7 {[%emt 0:03:28]} 30. Kh1 {[%emt 0:00:24]} Rag8 {[%emt 0:01:55]} 31. h3 {[%emt 0:00:24]} h5 {[%emt 0:03:47]} 32. Qe1 {[%emt 0:00:59]} h4 {[%emt 0:05:08]} 33. Qb4+ {[%emt 0:00:47]} Kd8 {[%emt 0:00:31]} 34. Qd6+ {[%emt 0:01:44]} Qd7 {[%emt 0:00:17]} 35. Qb8+ {[%emt 0:00:45]} Ke7 {[%emt 0:00:46]} 36. Qf4 {[%emt 0:00:29]} Qd6 {[%emt 0:01:04]} 37. Kg1 {[%emt 0:00:29]} Qxf4 {[%emt 0:00:41]} 38. exf4 {[%emt 0:00:13]} Rc8 {[%emt 0:03:30]} 39. Re1 {[%emt 0:00:21]} Kd6 {[%emt 0:00:33]} 40. Rfe3 {[%emt 0:00:19]} Rhe8 {[%emt 0:00:34]} 41. Kf2 {[%emt 0:00:24]} Bf7 {[%emt 0:01:02]} 42. g3 {[%emt 0:02:23]} hxg3+ {[%emt 0:01:34]} 43. Rxg3 {[%emt 0:01:38]} Rxe1 {[%emt 0:00:21]} 44. Kxe1 {[%emt 0:00:08]} Re8+ {[%emt 0:00:30]} 45. Kf2 {[%emt 0:00:28]} Re4 {[%emt 0:00:30]} 46. Rg7 {[%emt 0:00:29]} Ke6 {[%emt 0:00:46]} 47. Rh7 {[%emt 0:02:19]} Rxf4+ {[%emt 0:01:07]} 48. Kg3 {[%emt 0:00:15]} Rxd4 {[%emt 0:00:28]} 49. h4 {[%emt 0:00:26]} Rg4+ {[%emt 0:00:37]} 50. Kf3 {[%emt 0:00:26]} d4 {[%emt 0:00:44]} 51. h5 {[%emt 0:00:19]} Rh4 {[%emt 0:01:32]} 52. h6 {[%emt 0:00:24]} d3 {[%emt 0:03:13]} 53. Ke3 {[%emt 0:01:41]} f4+ {[%emt 0:00:36]} 54. Kd2 {[%emt 0:00:36]} f3 {[%emt 0:00:38]} 55. Ke3 {[%emt 0:00:25]} Rh2 {[%emt 0:01:22]} 56. Rh8 {[%emt 0:00:30]} f2 {[%emt 0:01:03]} 57. Kd4 {Ke5+} 0-1

[Event "7. Arber-Senioren-Cup 2019"]
[Site "Bodenmais"]
[Date "2019.07.31"]
[Round "5.1"]
[White "Blechzin, Igor"]
[Black "Pribyl, Josef"]
[Result "1/2-1/2"]
[WhiteElo "2221"]
[BlackElo "2234"]
[Annotator "NA"]
[PlyCount "21"]
[EventDate "2019.07.27"]
[EventType "swiss"]
[EventCountry "GER"]
[SourceTitle "playchess.com"]
[Source "ChessBase"]
[SourceQuality "1"]
[TimeControl "60/7800+30:0"]

1. c4 {[%emt 0:00:00]} e5 {[%emt 0:00:00]} 2. Nc3 {[%emt 0:05:27]} Nc6 {[%emt 0:00:02]} 3. Nf3 {[%emt 0:00:31]} g6 {[%emt 0:00:39]} 4. d4 {[%emt 0:02:23]} exd4 {[%emt 0:00:12]} 5. Nxd4 {[%emt 0:00:36]} Bg7 {[%emt 0:00:03]} 6. Nxc6 {[%emt 0:00:59]} bxc6 {[%emt 0:00:02]} 7. e4 {[%emt 0:00:53]} d6 {[%emt 0:00:32]} 8. Be2 {[%emt 0:02:03]} Ne7 {[%emt 0:00:03]} 9. O-O {[%emt 0:00:16]} O-O {[%emt 0:00:25]} 10. Bg5 {[%emt 0:01:11]} h6 {[%emt 0:00:58]} 11. Be3 {[%emt 0:01:16]} 1/2-1/2

[Event "7. Arber-Senioren-Cup 2019"]
[Site "Bodenmais"]
[Date "2019.07.31"]
[Round "5.2"]
[White "Lorenc, Tomas"]
[Black "Pirrot, Dieter"]
[Result "0-1"]
[WhiteElo "2158"]
[BlackElo "2315"]
[Annotator "NA"]
[PlyCount "88"]
[EventDate "2019.07.27"]
[EventType "swiss"]
[EventCountry "GER"]
[SourceTitle "playchess.com"]
[Source "ChessBase"]
[SourceQuality "1"]
[TimeControl "60/7800+30:0"]

1. c4 {[%emt 0:02:13]} e5 {[%emt 0:03:01]} 2. g3 {[%emt 0:01:21]} Nf6 {[%emt 0:00:10]} 3. Bg2 {[%emt 0:00:09]} c6 {[%emt 0:00:12]} 4. Nc3 {[%emt 0:03:31]} d5 {[%emt 0:00:16]} 5. cxd5 {[%emt 0:02:24]} cxd5 {[%emt 0:00:10]} 6. d4 {[%emt 0:00:07]} exd4 {[%emt 0:03:48]} 7. Qxd4 {[%emt 0:00:03]} Nc6 {[%emt 0:00:17]} 8. Qd1 {[%emt 0:08:48]} d4 {[%emt 0:02:28]} 9. Ne4 {[%emt 0:05:44]} Nxe4 {[%emt 0:05:27]} 10. Bxe4 {[%emt 0:00:03]} Bb4+ {[%emt 0:00:19]} 11. Bd2 {[%emt 0:00:14]} Bxd2+ {[%emt 0:00:54]} 12. Qxd2 {[%emt 0:00:03]} O-O {[%emt 0:00:21]} 13. Nf3 {[%emt 0:08:05]} Re8 {[%emt 0:02:19]} 14. Bxc6 {[%emt 0:11:46]} bxc6 {[%emt 0:00:09]} 15. Qxd4 {[%emt 0:00:56]} Ba6 {[%emt 0:26:25]} 16. Qxd8 {[%emt 0:03:55]} Raxd8 {[%emt 0:00:08]} 17. e3 {[%emt 0:00:14]} c5 {[%emt 0:01:19]} 18. Rg1 {[%emt 0:06:34]} c4 {[%emt 0:14:29]} 19. Nd2 {[%emt 0:20:07]} c3 {[%emt 0:15:10]} 20. bxc3 {[%emt 0:01:06]} Rb8 {[%emt 0:00:09]} 21. O-O-O {[%emt 0:07:55]} Be2 {[%emt 0:00:22]} 22. Rde1 {[%emt 0:00:45]} Bd3 {[%emt 0:01:12]} 23. e4 {[%emt 0:07:59]} Rec8 {[%emt 0:06:52]} 24. Nb3 {[%emt 0:00:57]} a5 {[%emt 0:00:36]} 25. Kd2 {[%emt 0:01:51]} Bc4 {[%emt 0:00:45]} 26. Rb1 {[%emt 0:10:55]} a4 {[%emt 0:00:18]} 27. Nd4 {[%emt 0:05:30]} Bxa2 {[%emt 0:00:29]} 28. Rxb8 {[%emt 0:00:20]} Rxb8 {[%emt 0:00:07]} 29. Kc2 {[%emt 0:00:13]} a3 {[%emt 0:00:43]} 30. Ra1 {[%emt 0:03:23]} Rb2+ {[%emt 0:00:25]} 31. Kd3 {[%emt 0:01:46]} Bb1+ {[%emt 0:06:29]} 32. Ke3 {[%emt 0:00:03]} a2 {[%emt 0:00:18]} 33. h4 {[%emt 0:01:45]} h5 {[%emt 0:04:34]} 34. f3 {[%emt 0:03:47]} g6 {[%emt 0:03:34]} 35. e5 {[%emt 0:01:58]} Kf8 {[%emt 0:04:23]} 36. g4 {[%emt 0:05:26]} g5 {[%emt 0:07:20]} 37. Nf5 {[%emt 0:08:51]} Bxf5 {[%emt 0:21:56]} 38. gxf5 {[%emt 0:00:02]} gxh4 {[%emt 0:00:10]} 39. f6 {[%emt 0:00:12]} h3 {[%emt 0:01:35]} 40. c4 {[%emt 0:01:50]} h2 {[%emt 0:01:29]} 41. c5 {[%emt 0:00:04]} Ke8 {[%emt 0:01:23]} 42. c6 {[%emt 0:00:10]} Rc2 {[%emt 0:01:52]} 43. Kd4 {[%emt 0:02:00]} Rxc6 {[%emt 0:00:26]} 44. Kd5 {[%emt 0:00:02]} Rc8 {[%emt 0:00:43]} 0-1

[Event "7. Arber-Senioren-Cup 2019"]
[Site "Bodenmais"]
[Date "2019.07.31"]
[Round "5.3"]
[White "Puehn, Georg"]
[Black "Herbold, Manfred"]
[Result "1/2-1/2"]
[WhiteElo "1990"]
[BlackElo "2081"]
[Annotator "NA"]
[PlyCount "80"]
[EventDate "2019.07.27"]
[EventType "swiss"]
[EventCountry "GER"]
[SourceTitle "playchess.com"]
[Source "ChessBase"]
[SourceQuality "1"]
[TimeControl "60/7800+30:0"]

1. e4 {[%emt 0:00:00]} e6 2. d3 {[%emt 0:00:00]} d5 {[%emt 0:01:42]} 3. Nd2 {[%emt 0:00:13]} Nf6 {[%emt 0:01:15]} 4. Ngf3 {[%emt 0:10:23]} Nc6 {[%emt 0:01:21]} 5. c3 {[%emt 0:05:11]} a5 {[%emt 0:01:08]} 6. a4 dxe4 {[%emt 0:00:15]} 7. dxe4 {[%emt 0:00:55]} Bc5 8. Bb5 {[%emt 0:07:17]} O-O {[%emt 0:02:25]} 9. O-O {[%emt 0:02:31]} h6 {[%emt 0:13:06]} 10. h3 {[%emt 0:04:06]} Qe7 {[%emt 0:01:00]} 11. Re1 {[%emt 0:05:54]} e5 {[%emt 0:02:14]} 12. Qc2 {[%emt 0:05:21]} Nh5 {[%emt 0:04:43]} 13. Nf1 {[%emt 0:08:41]} Nf4 {[%emt 0:02:14]} 14. Ng3 g6 {[%emt 0:10:37]} 15. Be3 {[%emt 0:13:16]} Nd8 {[%emt 0:02:52]} 16. Rad1 {[%emt 0:12:16]} c6 {[%emt 0:08:34]} 17. Bc4 {[%emt 0:03:12]} Bxe3 {[%emt 0:00:40]} 18. Rxe3 {[%emt 0:00:39]} Qc5 {[%emt 0:00:19]} 19. Bf1 {[%emt 0:02:06]} b5 {[%emt 0:04:44]} 20. Ne1 {[%emt 0:05:33]} Be6 {[%emt 0:06:24]} 21. Ne2 {[%emt 0:03:42]} bxa4 {[%emt 0:05:08]} 22. Qxa4 {[%emt 0:04:07]} Rb8 {[%emt 0:01:25]} 23. Rd2 {[%emt 0:03:44]} Bb3 {[%emt 0:01:33]} 24. Qa1 {[%emt 0:00:06]} Nde6 {[%emt 0:00:26]} 25. g3 {[%emt 0:01:01]} Nxe2+ {[%emt 0:00:23]} 26. Bxe2 {[%emt 0:01:10]} a4 {[%emt 0:01:58]} 27. Qc1 {[%emt 0:02:50]} Rfd8 {[%emt 0:07:07]} 28. Rxd8+ {[%emt 0:04:28]} Rxd8 {[%emt 0:00:40]} 29. Rd3 {[%emt 0:01:06]} Bc4 {[%emt 0:00:50]} 30. Rxd8+ {[%emt 0:07:15]} Nxd8 {[%emt 0:00:06]} 31. Bxc4 {[%emt 0:03:02]} Qxc4 {[%emt 0:00:09]} 32. Qe3 {[%emt 0:01:46]} Ne6 {[%emt 0:01:28]} 33. Nd3 {[%emt 0:04:34]} Qb5 {[%emt 0:03:03]} 34. Kh2 {[%emt 0:01:08]} Kh8 {[%emt 0:00:30]} 35. Qd2 Ng5 {[%emt 0:09:43]} 36. f3 {[%emt 0:03:01]} Qb8 {[%emt 0:04:29]} 37. Qc2 {[%emt 0:03:21]} Qc8 {[%emt 0:02:51]} 38. Nf2 {[%emt 0:02:20]} Qa6 {[%emt 0:02:17]} 39. h4 {[%emt 0:00:15]} Ne6 {[%emt 0:00:12]} 40. Nd3 {[%emt 0:00:23]} Qa5 {[%emt 0:00:52]} 1/2-1/2

[Event "7. Arber-Senioren-Cup 2019"]
[Site "Bodenmais"]
[Date "2019.07.31"]
[Round "5.4"]
[White "Limberg, Siegfried"]
[Black "Koehler, Gerhard"]
[Result "0-1"]
[WhiteElo "1983"]
[BlackElo "2197"]
[Annotator "NA"]
[PlyCount "40"]
[EventDate "2019.07.27"]
[EventType "swiss"]
[EventCountry "GER"]
[SourceTitle "playchess.com"]
[Source "ChessBase"]
[SourceQuality "1"]
[TimeControl "60/7800+30:0"]

1. d4 {[%emt 0:00:00]} c5 {[%emt 0:00:00]} 2. dxc5 {[%emt 0:00:00]} Nf6 {[%emt 0:03:28]} 3. Nc3 {[%emt 0:01:17]} Qa5 {[%emt 0:02:32]} 4. Bd2 {[%emt 0:02:40]} Qxc5 {[%emt 0:01:02]} 5. e4 {[%emt 0:01:26]} d6 {[%emt 0:12:14]} 6. Bd3 {[%emt 0:06:22]} g6 {[%emt 0:08:13]} 7. Nge2 {[%emt 0:10:08]} Bg7 {[%emt 0:01:00]} 8. Be3 {[%emt 0:01:27]} Qc7 {[%emt 0:00:50]} 9. f3 {[%emt 0:01:11]} a6 {[%emt 0:00:27]} 10. Qd2 {[%emt 0:00:40]} h6 {[%emt 0:03:47]} 11. a3 {[%emt 0:04:24]} b5 {[%emt 0:00:44]} 12. O-O {[%emt 0:00:50]} Nbd7 {[%emt 0:02:40]} 13. Nc1 {[%emt 0:08:04]} Ne5 {[%emt 0:04:03]} 14. Rb1 {[%emt 0:03:24]} Bb7 {[%emt 0:04:17]} 15. Rd1 {[%emt 0:04:43]} Rc8 {[%emt 0:06:06]} 16. N3e2 {[%emt 0:13:20]} O-O {[%emt 0:14:31]} 17. Bxh6 {[%emt 0:06:50]} Bxh6 {[%emt 0:00:17]} 18. Qxh6 {[%emt 0:00:08]} Qc5+ {[%emt 0:00:26]} 19. Kf1 {[%emt 0:01:27]} Neg4 {[%emt 0:02:31]} 20. fxg4 {[%emt 0:02:02]} Nxg4 {[%emt 0:00:22]} 0-1